Sports Quiz

Random Sports or Hockey Quiz

Men's Ice Hockey Gold Medalists Quiz Stats

Quiz not verified by Sporcle

Challenge
Share
Tweet
Embed
Score 0/22 Timer 02:00
0 Plays Today
Year Team % Correct
1980 - Lake Placid, United StatesUnited States
85.7%
1920 - Antwerp (Summer Games)Canada
83%
1960 - Squaw Valley, United StatesUnited States
82.3%
1984 - Sarajevo, YugoslaviaUSSR
81.9%
1928 - St. Moritz, SwitzerlandCanada
80.8%
1976 - Innsbruck, AustriaUSSR
80.8%
1924 - Chamonix, FranceCanada
80.4%
1932 - Lake Placid, United StatesCanada
80.4%
1972 - Sapporo, JapanUSSR
80.4%
1988 - Calgary, CanadaUSSR
80.4%
2002 - Salt Lake City, United StatesCanada
80%
Year Team % Correct
1968 - Grenoble, FranceUSSR
78.5%
1964 - Innsbruck, AustriaUSSR
78.1%
1952 - Oslo, NorwayCanada
76.2%
1948 - St. Moritz, SwitzerlandCanada
75.8%
2006 - Turin, ItalySweden
74%
1956 - Cortina d'Ampezzo, ItalyUSSR
72.5%
1994 - Lillehammer, NorwaySweden
67.2%
1998 - Nagano, JapanCzech Republic
63.8%
1992 - Albertville, FranceUnified Team (Seven of the former Soviet Republics)
47.5%
1936 - Garmisch-Partenkirchen, GermanyGreat Britain
43.8%
2010 - Vancouver, CanadaCanada
41.9%

You're not logged in!

Compare scores with friends on all Sporcle quizzes.
Sign Up with Email
OR
Log In

You Might Also Like...

Show Comments

Extras

Top Quizzes Today


Score Distribution

Your Account Isn't Verified!

In order to create a playlist on Sporcle, you need to verify the email address you used during registration. Go to your Sporcle Settings to finish the process.